| 000 | 01246cam a22002534a 4500 | ||
|---|---|---|---|
| 005 | 20250605164217.0 | ||
| 008 | 250528s ||||||||||||||||||||||||d | ||
| 035 | _a20496 | ||
| 020 | _a395745756 | ||
| 040 |
_aGR-AtMCL _bgre _dGR-AtMCL _eAACR2 |
||
| 245 | 1 | _aWestern Civilization / Ideas, Politics & Society | |
| 250 | _a5th | ||
| 300 | _a928 | ||
| 520 | _aThis book focus on the history of ideas, providing the ''who?'', ''what?'', ''where?'', ''when''?, and most importantly the ''why?'' of Western civilization. Map, Chronologies, Preface, The Ancient World: Foundation of the West to A.D. 500, The Middle Ages: The Christian Centuries 500-1400, Early Modern Europe: From Renaissance to Enlightenment 1350-1789, An Age of Revolution: Liberal and National and Industrial 1789-1848, An Age of Contradiction: Progress and Breakout 1848-1914, World Wars and Totalitarianism: The West in Crisis 1914-1945, The Contemporary World: The Global Age Since 1945. | ||
| 700 | 1 |
_aChase Myrna _96478 |
|
| 700 | 1 |
_aJacob James R _96479 |
|
| 700 | 1 |
_aJacob Margaret C _96480 |
|
| 700 | 1 |
_aPerry Marvin _96481 |
|
| 700 | 1 |
_aVon Laue Theodore H _96482 |
|
| 942 | _cBK | ||
| 260 | _bHoughton Mifflin Company | ||
| 999 |
_c5598 _d5598 |
||